Statistics for Friday Night Funkin' Mods Quiz 2

Click here to take the quiz!

General Stats

  • This quiz has been taken 12 times
  • The average score is 11 of 15

Answer Stats

HintAnswer% Correct
A character from the Scooby Doo series. He uses 0.001% of his power... or 0.002%?Shaggy
100%
Gamer who created [above].Amor
88%
A tiny person.Little Man
88%
Non-canonical son of Sarv and Ruv.Selever
88%
Boyfriend's ex from college.Ayana
75%
Personification of a Geometry Dash cube.Bob
75%
Personification of a Geometry Dash ship.Bosip
75%
Sister of [above].Rasazy
75%
Cool folder-headed dude.Ron
75%
A self-contained girl who holds in her hand T H E L I Q U I D.Annie
63%
Not the best vocalist of the band "On Command".CJ
63%
Pixelated protagonist in AdventNEON.Neon
63%
The other vocalist of "On Command".Ruby
63%
Teen who gets sucked into an arcade machine because he spilled coffee on Daddy Dearest.Salty
50%
Crush of [above].Itsumi
38%

Score Distribution

Percentile by Number Answered

Percent of People with Each Score

Your Score History

You have not taken this quiz